000 00341nam a2200145Ia 4500
008 191201s2011 xx 000 0 und d
082 _a510
_bBHE
100 _aBHARGAVA, M L
245 0 _aElements of Business Mathematics
250 _a2nd
260 _bJeevan Sons Publication
_c2011
300 _amisc
650 _aBBA
942 _2ddc
_cBK
999 _c4834
_d4834